| 000 -LEADER |
| fixed length control field |
02195cam a22003737i 4500 |
| 001 - CONTROL NUMBER |
| control field |
20672983 |
| 003 - CONTROL NUMBER IDENTIFIER |
| control field |
OSt |
| 005 - DATE AND TIME OF LATEST TRANSACTION |
| control field |
20241213082450.0 |
| 008 - FIXED-LENGTH DATA ELEMENTS--GENERAL INFORMATION |
| fixed length control field |
180918t20172017enk 000 d eng d |
| 010 ## - LIBRARY OF CONGRESS CONTROL NUMBER |
| LC control number |
2018411887 |
| 020 ## - INTERNATIONAL STANDARD BOOK NUMBER |
| International Standard Book Number |
9781350068063 |
| Qualifying information |
(paperback) |
| 035 ## - SYSTEM CONTROL NUMBER |
| System control number |
(OCoLC)ocn969550262 |
| 040 ## - CATALOGING SOURCE |
| Original cataloging agency |
YDX |
| Language of cataloging |
eng |
| Transcribing agency |
YDX |
| Description conventions |
rda |
| Modifying agency |
UAB |
| -- |
BNG |
| -- |
OCLCF |
| -- |
REB |
| -- |
OCLCA |
| -- |
DLC |
| -- |
KH8 |
| 042 ## - AUTHENTICATION CODE |
| Authentication code |
lccopycat |
| 082 04 - DEWEY DECIMAL CLASSIFICATION NUMBER |
| Classification number |
812.6 COW |
| Edition number |
23 |
| 100 1# - MAIN ENTRY--PERSONAL NAME |
| Personal name |
Cowhig, Frances Ya-Chu, |
| Dates associated with a name |
1983- |
| Relator term |
author. |
| 245 10 - TITLE STATEMENT |
| Title |
Snow in midsummer / |
| Statement of responsibility, etc. |
Frances Ya-Chu Cowhig. |
| 264 #1 - PRODUCTION, PUBLICATION, DISTRIBUTION, MANUFACTURE, AND COPYRIGHT NOTICE |
| Place of production, publication, distribution, manufacture |
London, UK ; |
| -- |
New York, NY, USA : |
| Name of producer, publisher, distributor, manufacturer |
Bloomsbury Methuen Drama, an imprint of Bloomsbury Publishing Plc, |
| Date of production, publication, distribution, manufacture, or copyright notice |
2017. |
| 264 #4 - PRODUCTION, PUBLICATION, DISTRIBUTION, MANUFACTURE, AND COPYRIGHT NOTICE |
| Date of production, publication, distribution, manufacture, or copyright notice |
©2017 |
| 300 ## - PHYSICAL DESCRIPTION |
| Extent |
90 pages ; |
| Dimensions |
20 cm |
| 336 ## - CONTENT TYPE |
| Content type term |
text |
| Content type code |
txt |
| Source |
rdacontent |
| 337 ## - MEDIA TYPE |
| Media type term |
unmediated |
| Media type code |
n |
| Source |
rdamedia |
| 338 ## - CARRIER TYPE |
| Carrier type term |
volume |
| Carrier type code |
nc |
| Source |
rdacarrier |
| 490 1# - SERIES STATEMENT |
| Series statement |
Bloomsbury Methuen Drama modern plays |
| 490 1# - SERIES STATEMENT |
| Series statement |
Bloomsbury Methuen Drama contemporary dramatists |
| 500 ## - GENERAL NOTE |
| General note |
"This production of Snow in Midsummer was first performed by the Royal Shakespeare Company in the Swan Theatre, Stratford-upon-Avon, on 23 February 2017"--Page vi. |
| 500 ## - GENERAL NOTE |
| General note |
"RSC, Royal Shakespeare Company"--Front book cover. |
| 520 ## - SUMMARY, ETC. |
| Summary, etc. |
Men in this town were born with mouths that can right wrongs with a few words. Why are you too timid to speak? As she is about to be executed for a murder she didn't commit, young widow Dou Yi vows that, if she is innocent, snow will fall in midsummer and a catastrophic drought will strike. Three years later, a businesswoman visits the parched, locust-plagued town to take over an ailing factory. When her young daughter is tormented by an angry ghost, the new factory owner must expose the injustices Dou Yi suffered before the curse destroys every living thing. A contemporary re-imagining by acclaimed playwright Frances-Ya Chu Cowhig of one of the most famous classical Chinese dramas, which breathes new life into this ancient story, haunted by centuries of retelling. -- Provided by publisher. |
| 650 #0 - SUBJECT ADDED ENTRY--TOPICAL TERM |
| Topical term or geographic name entry element |
Justice |
| Form subdivision |
Drama. |
| 700 1# - ADDED ENTRY--PERSONAL NAME |
| Personal name |
Chang, Gigi, |
| Relator term |
translator. |
| 830 #0 - SERIES ADDED ENTRY--UNIFORM TITLE |
| Uniform title |
Methuen modern plays. |
| 830 #0 - SERIES ADDED ENTRY--UNIFORM TITLE |
| Uniform title |
Methuen contemporary dramatists. |
| 942 ## - ADDED ENTRY ELEMENTS (KOHA) |
| Source of classification or shelving scheme |
|
| Koha item type |
Teaching Resources |